000 00986nam a22003017a 4500
003 CHAP
005 20220329135943.0
008 971013s1976 r 00010 d
010 _a44643
011 _a45615
035 _a49754
040 _cCHAP
082 _a633.11
_bI4
110 _aINIA. México. Centro de Investigaciones Agrícolas del Noroeste
_958554
245 _aTrigo
_b: adelantos de investigación sur de Sonora
260 _aMéxico, D.F. :
_bEl Instituto,
_c1976
300 _av.
_b: ilus.
500 _aLa biblioteca tiene; 1970-73
590 _aBATCH-UPD
_b10
_c20130110
_lUCH01
_h1834
590 _aBATCH-UPD
_b10
_c20130410
_lUCH01
_h1205
590 _aBATCH-UPD
_b10
_c20130914
_lUCH01
_h2053
590 _aCONVERSION
_b10
_c20130109
_lUCH01
_h1324
650 1 4 _aTrigo
_xInvestigación
_xSonora.
_9115049
650 1 4 _aTrigo
_xSonora.
_9115104
901 _aBK
942 _cLIBRO
949 _a633.11 I4
_bBC
_cLIBRO
_d33724000191292
_eLIBRO
_f1970-73
_h60347
_i49754
_mD
_si
999 _c44643
_d44643